000 00354nam a2200133Ia 4500
008 151001s9999||||xx |||||||||||||| ||und||
100 _aसुमती कुकडे
245 _aआपले शरीर अदभूत कोडे
250 _a2
260 _bमधुराज
260 _c2004
300 _a32
365 _b21
999 _c984733
_d984730